000 00561nam a2200169 a 4500
001 000048004
005 20201002060846.0
008 181012s1989 dr r 000 0 spa d
040 _aDO-SdBNP
_bspa
_cBNPHU
082 _axxxx
_bL333m
100 1 _aLarrañaga, Ignacio
_953897
245 1 0 _aMuéstrame tu rostro :
_bhacia la intimidad con Dios /
_cIgnacio Larrañaga.
260 _aSanto Domingo :
_bSusaeta,
_c1989.
300 _a382 p. ;
_c19 cm.
500 _aIncluye referencias bibliográficas y notas al pie de las páginas
590 _aInventariado, 2018/BT
999 _c47492
_d47492